The science of woman : gynaecology and gender in England, 1800-1929

Αποθηκεύτηκε σε:
Λεπτομέρειες βιβλιογραφικής εγγραφής
Κύριος συγγραφέας: Moscucci, Ornella
Μορφή: Βιβλίο
Γλώσσα:English
Δημοσίευση: Cambridge : Cambridge University Press, 1990
Θέματα:
Ετικέτες: Προσθήκη ετικέτας
Δεν υπάρχουν, Καταχωρήστε ετικέτα πρώτοι!

MARC

LEADER 00000nam a2200000 i 4500
001 1/5198
008 960520s1990 eng d
020 |a 0-521-44795-X 
035 |l 10015921 
040 |a GR-MY-UA  |b gre  |e aacr 
041 0 |a eng 
082 0 |a 618.100941 
100 1 |a Moscucci, Ornella. 
245 1 4 |a The science of woman :  |b gynaecology and gender in England, 1800-1929 /  |c Ornella Moscucci 
260 |a Cambridge :   |b Cambridge University Press,   |c 1990 
300 |a 278 p. 
504 |a Includes bibliographical references and index 
650 0 0 |a Gynecology  |z England  |z London  |x History. 
650 0 0 |a Obstetrics  |z England  |z London  |x History. 
852 |a INST  |b LESVOS  |e 19960520  |h 618.100941 MOS  |p 005100010181  |q 005100010181  |t BK  |y 0 
909 |a Λ  |b 044114